000 00517nam a2200145Ia 4500
008 100204s9999 xx 000 0 und d
082 _b13304
100 _aदेशपांडे कृ. पं.
245 _aराम जीवींचा विसावा
260 _b"अंजली प्रकाशन, पुणे"
_c1990
300 _a120
630 _aराम जीवींचा विसावा
730 _aराम जीवींचा विसावा
942 _cBOOK
999 _c457736
_d457733